| 000 | 00462nam a2200181Ia 4500 | ||
|---|---|---|---|
| 005 | 20250603145620.0 | ||
| 008 | 250603s9999 xx 000 0 und d | ||
| 020 | _a9781032670928 | ||
| 050 | _aJF 1525 .P83/ | ||
| 100 | _aEdited by Susan Rose-Ackerman. | ||
| 245 | 0 | _aPublic administration and expertise in democratic governments | |
| 260 | _aAbingdon | ||
| 260 | _bRoutledge | ||
| 260 | _c2024 | ||
| 300 | _a312 p | ||
| 650 | _aAbingdon | ||
| 942 | _cBK | ||
| 999 |
_c42356 _d42356 |
||